Normal view MARC view

Entry Topical Term

Number of records used in: 1

001 - CONTROL NUMBER

  • control field: 3082

003 - CONTROL NUMBER IDENTIFIER

  • control field: OSt

005 - DATE AND TIME OF LATEST TRANSACTION

  • control field: 20190306142237.0

008 - FIXED-LENGTH DATA ELEMENTS

  • fixed length control field: 190306|| aca||aabn | a|a d

040 ## - CATALOGING SOURCE

  • Original cataloging agency: OSt
  • Transcribing agency: OSt

150 ## - HEADING--TOPICAL TERM

  • Topical term or geographic name entry element: Households

670 ## - SOURCE DATA FOUND

  • Source citation: Work cat.: (OSt): Kaur, Veerpal et al 3081, Inter-regional analysis of levels, pattern and distribution of income of women labour household in rural Punjab, 2018

Powered by Koha